000 00331nam a2200133 i 4500
001 bg
245 0 _aUprawa i agrocenoza gleb piaskowych.
260 _aWarszawa,
_c1990.
830 _aZeszyty problemowe postępów nauk rolniczych;
040 _cBPK
041 _apol
942 _cKS
008 s pl f |000 0 pol
999 _c29115
_d29115
856 _uhttp://koha.tu.koszalin.pl/cgi-bin/koha/opac-detail.pl?biblionumber=29115
_yKatalog online BPK